[Event "COL-ch sf 2nd"]
[Site "Tunja"]
[Date "2018.04.22"]
[Round "10"]
[White "Dominguez, Daniela"]
[Black "Bernal Parra, Eliana Valentina"]
[Result "0-1"]
[WhiteElo "1261"]
[BlackElo "1337"]
[PlyCount "36"]
[EventDate "2018.04.17"]
[EventType "swiss"]
[EventRounds "10"]
[EventCountry "COL"]
[SourceTitle "CBM 184 Extra"]
[Source "ChessBase"]
[SourceDate "2018.06.28"]
[SourceVersion "1"]
[SourceVersionDate "2018.06.28"]
[SourceQuality "1"]

1. e4 c5 2. Nf3 Nc6 3. Nc3 g6 4. d3 Bg7 5. Be3 d6 6. h3 Nf6 7. d4 cxd4 8. Nxd4 0-0 9. Bb5 Bd7 10. Qf3 Nxd4 11. Bxd4 Bxb5 12. Nxb5 Qa5+ 13. Nc3 Nd7 14. 0-0-0 Ne5 15. Qf4 b5 16. Qd2 Nc4 17. Qd3 Qb4 18. b3 Qa3+ 0-1

[Event "Bogota Superate Intercol Adv (Women)"]
[Site "Bogota"]
[Date "2014.10.26"]
[Round "3.10"]
[White "Rincon Lopez, Sandra Margarita"]
[Black "Dominguez, Daniela"]
[Result "1-0"]
[WhiteElo "1572"]
[BlackElo "1378"]
[PlyCount "67"]
[EventDate "2014.10.25"]
[EventType "swiss"]
[EventRounds "5"]
[EventCountry "COL"]
[SourceTitle "EXT 2024"]
[Source "ChessBase"]
[SourceDate "2023.10.10"]
[SourceVersion "1"]
[SourceVersionDate "2023.10.10"]
[SourceQuality "1"]

1. d4 d5 2. Nf3 Bf5 3. Bf4 Nc6 4. e3 Nf6 5. Bb5 Qd7 6. Ne5 Qd6 7. Nc3 e6 8. Qe2 Be7 9. Nxc6 Qd7 10. Ne5 c6 11. Nxd7 cxb5 12. Ne5 0-0 13. Nxb5 Rac8 14. Rc1 Bb4+ 15. c3 Ba5 16. Qf3 a6 17. Nd6 Rc7 18. Qg3 Ne4 19. Nxe4 Bxe4 20. Bh6 f6 21. f3 fxe5 22. fxe4 exd4 23. exd4 Rff7 24. Rf1 Kf8 25. Rxf7+ Rxf7 26. Qb8+ Ke7 27. Bg5+ Kd7 28. Qd8+ Kc6 29. Qe8+ Kd6 30. e5+ Kc7 31. Qd8+ Kc6 32. Qd6+ Kb5 33. Qc5+ Ka4 34. b3# 1-0

[Event "Pan American Amateur-ch"]
[Site "San Andres Islas"]
[Date "2014.08.28"]
[Round "4"]
[White "Dominguez, Daniela"]
[Black "Caceres Hernandez, Paola Andrea"]
[Result "1-0"]
[WhiteElo "1528"]
[BlackElo "1470"]
[PlyCount "77"]
[EventDate "2014.08.26"]
[EventType "swiss"]
[EventRounds "9"]
[EventCountry "COL"]
[SourceTitle "EXT 2016"]
[Source "ChessBase"]
[SourceDate "2015.10.08"]
[SourceVersion "1"]
[SourceVersionDate "2015.10.08"]
[SourceQuality "1"]

1. e4 e5 2. Nf3 Nc6 3. Bc4 Bc5 4. Nc3 d6 5. h3 a6 6. d3 Nf6 7. Ng5 0-0 8. a3 Nd4 9. b4 b5 10. Bxf7+ Rxf7 11. Nxf7 Kxf7 12. bxc5 dxc5 13. Qd2 c4 14. dxc4 bxc4 15. f4 Qd6 16. Rf1 Bb7 17. Qe3 Nxc2+ 18. Ke2 Nxa1 19. Nd5 Nxd5 20. fxe5+ Kg8 21. Qf2 Qe6 22. Bb2 Nb3 23. exd5 Bxd5 24. Qg3 Nc5 25. Bd4 Ne4 26. Qh4 Qg6 27. Kf3 Nd2+ 28. Kf2 Rf8+ 29. Ke1 Nxf1 30. Qe7 Qe4+ 31. Kd1 Qb1+ 32. Ke2 Bxg2 33. Bc5 Qc2+ 34. Ke1 Bf3 35. Kxf1 Rf5 36. Ke1 Rxe5+ 37. Kf1 Rf5 38. Ke1 Rf8 39. Qxf8# 1-0